| 000 | 00738nam a22002657a 4500 | ||
|---|---|---|---|
| 999 |
_c3724 _d234228 |
||
| 020 | _a9508943297 | ||
| 080 | _a347.6 F 953 | ||
| 245 | _aNuevas Perspectivas interdisciplinarias en Violencia Familiar | ||
| 260 |
_aBuenos Aires _bAd- Hoc _c2001 |
||
| 300 | _a268 P. | ||
| 650 | _xviolencia familiar | ||
| 650 | _xcriminologia | ||
| 650 | _xmediacion penal | ||
| 700 | _aFugaretta, Juan Carlos | ||
| 700 | _aRomano, Esther | ||
| 700 | _aMateos, Roberto | ||
| 700 | _aMèndez, Carlos | ||
| 700 | _aMinyersky, Nelly | ||
| 700 | _aCastañera de Emiliozzi, Susana | ||
| 700 | _aMarchiori, Hilda | ||
| 700 | _aRivello, Beatriz | ||
| 700 | _aLitardo Gioja de Latour, Marìa Inès | ||
| 942 | _6_ | ||
| 945 |
_acd _d2015-04-14 |
||